[Event "EU-chT (Women) 08th"]
[Site "Novi Sad"]
[Date "2009.10.29"]
[Round "8"]
[White "Blagojevic, Lidija"]
[Black "Ambrosi, Eleonora"]
[Result "0-1"]
[WhiteElo "2046"]
[BlackElo "2159"]
[PlyCount "88"]
[EventDate "2009.10.22"]
[EventType "team-swiss"]
[EventRounds "9"]
[EventCountry "YUG"]
[SourceTitle "EXT 2010"]
[Source "ChessBase"]
[SourceDate "2010.11.25"]
[SourceVersion "1"]
[SourceVersionDate "2010.11.25"]
[SourceQuality "1"]
[WhiteTeam "Montenegro (W)"]
[BlackTeam "Italy (W)"]
[WhiteTeamCountry "MNE"]
[BlackTeamCountry "ITA"]

1. e4 c5 2. Nf3 Nc6 3. d3 d6 4. Nbd2 g6 5. Be2 Bg7 6. 0-0 Nf6 7. Re1 0-0 8. c3 e5 9. a3 d5 10. b4 Qe7 11. Qc2 b6 12. Bf1 d4 13. cxd4 Nxd4 14. Nxd4 cxd4 15. Nb3 Be6 16. Bd2 Nd7 17. g3 h5 18. h3 f5 19. exf5 Rac8 20. Qd1 Rxf5 21. Bg2 Qf7 22. Nc1 Rxf2 23. Rf1 Rxf1+ 24. Qxf1 Qxf1+ 25. Kxf1 Rc2 26. Bg5 Bf6 27. Bxf6 Nxf6 28. a4 Nd5 29. Bxd5 Bxd5 30. Ne2 Be6 31. Ng1 Bf5 32. Ra3 Kf7 33. a5 b5 34. a6 Kf6 35. Ke1 Rb2 36. Nf3 Bxh3 37. Nd2 Bf5 38. Nb3 Bxd3 39. Nc5 Bf5 40. Nb3 Be6 41. Nc5 Rxb4 42. Rf3+ Bf5 43. Rb3 Rxb3 44. Nxb3 g5 0-1

[Event "EU-chT (Women) 08th"]
[Site "Novi Sad"]
[Date "2009.10.24"]
[Round "3"]
[White "Ambrosi, Eleonora"]
[Black "Chelushkina, Irina"]
[Result "0-1"]
[WhiteElo "2159"]
[BlackElo "2333"]
[PlyCount "62"]
[EventDate "2009.10.22"]
[EventType "team-swiss"]
[EventRounds "9"]
[EventCountry "YUG"]
[SourceTitle "EXT 2010"]
[Source "ChessBase"]
[SourceDate "2010.11.25"]
[SourceVersion "1"]
[SourceVersionDate "2010.11.25"]
[SourceQuality "1"]
[WhiteTeam "Italy (W)"]
[BlackTeam "Serbia (W)"]
[WhiteTeamCountry "ITA"]
[BlackTeamCountry "SRB"]

1. e4 c5 2. Nf3 e6 3. d4 cxd4 4. Nxd4 a6 5. c4 Nf6 6. Nc3 Qc7 7. Be3 d6 8. Be2 Nbd7 9. 0-0 b6 10. Rc1 Bb7 11. f3 Be7 12. Qe1 0-0 13. Qf2 Rac8 14. Rfd1 Rfe8 15. Nc2 Bd8 16. Bf4 Ne5 17. Na3 Qb8 18. Be3 Ned7 19. b4 Bc7 20. g3 h6 21. Na4 d5 22. Nxb6 Bxb6 23. Bxb6 dxe4 24. Bd4 exf3 25. Bxf3 Bxf3 26. Qxf3 Qxb4 27. Qb3 Qa5 28. Bc3 Qh5 29. Bxf6 Nxf6 30. Qd3 Qc5+ 31. Kg2 Ng4 0-1

[Event "Olympiad Women-38"]
[Site "Dresden"]
[Date "2008.11.25"]
[Round "11"]
[White "Ambrosi, Eleonora"]
[Black "Makropoulou, Marina"]
[Result "1/2-1/2"]
[WhiteElo "2128"]
[BlackElo "2265"]
[PlyCount "116"]
[EventDate "2008.11.13"]
[EventType "team-swiss"]
[EventRounds "11"]
[EventCountry "GER"]
[SourceTitle "CBM 128"]
[Source "ChessBase"]
[SourceDate "2009.01.28"]
[SourceVersion "1"]
[SourceVersionDate "2009.01.28"]
[SourceQuality "1"]
[WhiteTeam "Italy (W)"]
[BlackTeam "Greece (W)"]
[WhiteTeamCountry "ITA"]
[BlackTeamCountry "GRE"]

1. e4 e5 2. Nf3 Nc6 3. Bb5 a6 4. Bxc6 dxc6 5. Nc3 Qd6 6. d4 f6 7. h3 Bd7 8. dxe5 fxe5 9. Qxd6 cxd6 10. Be3 Nf6 11. 0-0 b5 12. a3 Be7 13. Rad1 a5 14. Bg5 Be6 15. Bxf6 gxf6 16. Nh4 b4 17. Ne2 d5 18. axb4 axb4 19. f4 0-0 20. fxe5 fxe5 21. Nf3 Bf6 22. Ng3 Ra2 23. Ra1 Rxb2 24. Rf2 Be7 25. Ra5 Bd8 26. Ra6 dxe4 27. Nxe5 Rxf2 28. Kxf2 Rxc2+ 29. Ke3 Rc3+ 30. Kf4 Kf8 31. Ra8 Ke7 32. Ra7+ Ke8 33. Nxe4 Ra3 34. Rxh7 Kf8 35. Nxc6 Bb6 36. Rb7 Be3+ 37. Ke5 Ba2 38. Rxb4 Ra8 39. Rb8+ Rxb8 40. Nxb8 Bc1 41. Nd7+ Kg7 42. g4 Bb2+ 43. Kf5 Bb1 44. h4 Bc1 45. Ndf6 Bd3 46. g5 Be2 47. Nd5 Ba6 48. Nc5 Bc8+ 49. Ke4 Bg4 50. Nf4 Ba3 51. Ncd3 Bd6 52. Ne5 Bd1 53. h5 Bc2+ 54. Kd5 Be7 55. Nf3 Bxg5 56. Nxg5 Bd1 57. Ke5 Bxh5 58. Nxh5+ Kg6 1/2-1/2

[Event "Olympiad Women-38"]
[Site "Dresden"]
[Date "2008.11.23"]
[Round "10"]
[White "Novkovic, Julia"]
[Black "Ambrosi, Eleonora"]
[Result "0-1"]
[WhiteElo "2161"]
[BlackElo "2128"]
[PlyCount "60"]
[EventDate "2008.11.13"]
[EventType "team-swiss"]
[EventRounds "11"]
[EventCountry "GER"]
[SourceTitle "CBM 128"]
[Source "ChessBase"]
[SourceDate "2009.01.28"]
[SourceVersion "1"]
[SourceVersionDate "2009.01.28"]
[SourceQuality "1"]
[WhiteTeam "Austria (W)"]
[BlackTeam "Italy (W)"]
[WhiteTeamCountry "AUT"]
[BlackTeamCountry "ITA"]

1. e4 c5 2. Nf3 Nc6 3. d4 cxd4 4. Nxd4 Qc7 5. Nc3 e6 6. Ndb5 Qb8 7. Be3 a6 8. Bb6 axb5 9. Nxb5 Bb4+ 10. c3 Ba5 11. Nc7+ Qxc7 12. Bxc7 Bxc7 13. Qg4 g6 14. Bc4 Nge7 15. Qe2 0-0 16. 0-0 f5 17. exf5 Rxf5 18. b4 Ne5 19. a4 b6 20. f3 Bb7 21. Bb5 Nd5 22. Rac1 Raf8 23. Qa2 Nf4 24. Be2 Rg5 25. Bd1 Rxg2+ 26. Qxg2 Nxg2 27. Kxg2 Nc4 28. Rf2 Bf4 29. Ra1 Ne3+ 30. Kh3 Rf5 0-1

[Event "Olympiad Women-38"]
[Site "Dresden"]
[Date "2008.11.20"]
[Round "7"]
[White "Michna, Marta"]
[Black "Ambrosi, Eleonora"]
[Result "1-0"]
[WhiteElo "2399"]
[BlackElo "2128"]
[PlyCount "57"]
[EventDate "2008.11.13"]
[EventType "team-swiss"]
[EventRounds "11"]
[EventCountry "GER"]
[SourceTitle "CBM 128"]
[Source "ChessBase"]
[SourceDate "2009.01.28"]
[SourceVersion "1"]
[SourceVersionDate "2009.01.28"]
[SourceQuality "1"]
[WhiteTeam "Germany (W)"]
[BlackTeam "Italy (W)"]
[WhiteTeamCountry "GER"]
[BlackTeamCountry "ITA"]

1. d4 d5 2. e3 Nc6 3. Nf3 Bg4 4. Bb5 e6 5. c4 Bxf3 6. Qxf3 a6 7. cxd5 Qxd5 8. Qxd5 exd5 9. Bxc6+ bxc6 10. Nc3 Nf6 11. Ke2 c5 12. dxc5 Bxc5 13. Rd1 c6 14. b3 0-0 15. Bb2 Rfe8 16. Rac1 Ba7 17. Na4 Rac8 18. Bxf6 gxf6 19. Nc5 Re5 20. Nd7 Rg5 21. Nxf6+ Kg7 22. Nxd5 Rxg2 23. Ne7 Re8 24. Rg1 Rxg1 25. Rxg1+ Kf6 26. Nxc6 Bc5 27. Rc1 Bd6 28. h4 Re4 29. Nd4 1-0

[Event "Olympiad Women-38"]
[Site "Dresden"]
[Date "2008.11.15"]
[Round "3"]
[White "Sanchez Rodriguez, Wilmairi"]
[Black "Ambrosi, Eleonora"]
[Result "0-1"]
[WhiteElo "1773"]
[BlackElo "2128"]
[PlyCount "58"]
[EventDate "2008.11.13"]
[EventType "team-swiss"]
[EventRounds "11"]
[EventCountry "GER"]
[SourceTitle "CBM 128"]
[Source "ChessBase"]
[SourceDate "2009.01.28"]
[SourceVersion "1"]
[SourceVersionDate "2009.01.28"]
[SourceQuality "1"]
[WhiteTeam "Puerto Rico (W)"]
[BlackTeam "Italy (W)"]
[WhiteTeamCountry "PUR"]
[BlackTeamCountry "ITA"]

1. e4 c5 2. Nc3 Nc6 3. g3 g6 4. Bg2 Bg7 5. d3 d6 6. Be3 e6 7. Nf3 Nd4 8. 0-0 Ne7 9. Rb1 0-0 10. Ne2 e5 11. c3 Nxe2+ 12. Qxe2 f5 13. exf5 Nxf5 14. Bg5 Qc7 15. Qe4 Be6 16. a3 Qf7 17. Nh4 d5 18. Qa4 h6 19. Bd2 a6 20. Nxf5 Qxf5 21. d4 exd4 22. cxd4 cxd4 23. Qb3 Qf7 24. Rbe1 Rad8 25. Qb6 Bf5 26. Rc1 Rd7 27. Bb4 Re8 28. Qa5 d3 29. Rc7 Rxc7 0-1

[Event "Olympiad Women-38"]
[Site "Dresden"]
[Date "2008.11.14"]
[Round "2"]
[White "Ambrosi, Eleonora"]
[Black "Thorsteinsdottir, Gudlaug"]
[Result "1-0"]
[WhiteElo "2128"]
[BlackElo "2156"]
[PlyCount "72"]
[EventDate "2008.11.13"]
[EventType "team-swiss"]
[EventRounds "11"]
[EventCountry "GER"]
[SourceTitle "CBM 128"]
[Source "ChessBase"]
[SourceDate "2009.01.28"]
[SourceVersion "1"]
[SourceVersionDate "2009.01.28"]
[SourceQuality "1"]
[WhiteTeam "Italy (W)"]
[BlackTeam "Island (W)"]
[WhiteTeamCountry "ITA"]
[BlackTeamCountry "ISL"]

1. e4 c5 2. Nf3 e6 3. d4 cxd4 4. Nxd4 a6 5. Bd3 Qc7 6. 0-0 Nf6 7. c4 Nc6 8. Nxc6 dxc6 9. Qe2 e5 10. h3 Bc5 11. Nc3 Be6 12. Na4 Bd4 13. c5 Rd8 14. Rd1 Qe7 15. Be3 0-0 16. Kh1 Bxe3 17. Qxe3 Rd4 18. Nc3 Rfd8 19. Ne2 R4d7 20. b3 Nh5 21. Bc2 Nf6 22. Rxd7 Rxd7 23. Rd1 Rxd1+ 24. Bxd1 Nd7 25. b4 Bxa2 26. Ng3 g6 27. Bg4 Be6 28. Bxe6 Qxe6 29. Qg5 Qf6 30. Qd2 Qe7 31. Qa2 Qg5 32. Qa5 h5 33. Qc7 Qc1+ 34. Kh2 Qd2 35. Qxb7 h4 36. Nf1 Nf8 1-0

[Event "ITA-ch (Women)"]
[Site "Bratto"]
[Date "2008.08.27"]
[Round "6"]
[White "Polin, Giulia"]
[Black "Ambrosi, Eleonora"]
[Result "0-1"]
[WhiteElo "1551"]
[BlackElo "2160"]
[PlyCount "50"]
[EventDate "2008.08.22"]
[EventType "swiss"]
[EventRounds "9"]
[EventCountry "ITA"]
[SourceTitle "CBM 126 Extra"]
[Source "ChessBase"]
[SourceDate "2008.11.05"]
[SourceVersion "1"]
[SourceVersionDate "2008.11.05"]
[SourceQuality "1"]

1. e4 c5 2. Nf3 Nc6 3. d4 cxd4 4. Nxd4 Qc7 5. c4 Nf6 6. Nc3 e6 7. a3 a6 8. Be2 Nxd4 9. Qxd4 Bd6 10. Be3 h5 11. h3 Be5 12. Qd2 b6 13. f4 Bxc3 14. Qxc3 Bb7 15. Bd3 Nxe4 16. Qxg7 0-0-0 17. Qd4 Nc5 18. Rg1 Nb3 19. Qc3 Nxa1 20. b4 Rhg8 21. g3 Qc6 22. Kd2 d5 23. Bd4 dxc4 24. Qxa1 b5 25. Bh7 Rxd4+ 0-1

[Event "ITA-ch (Women)"]
[Site "Bratto"]
[Date "2008.08.25"]
[Round "4"]
[White "Reginato, Sabrina"]
[Black "Ambrosi, Eleonora"]
[Result "1-0"]
[WhiteElo "1808"]
[BlackElo "2160"]
[PlyCount "67"]
[EventDate "2008.08.22"]
[EventType "swiss"]
[EventRounds "9"]
[EventCountry "ITA"]
[SourceTitle "CBM 126 Extra"]
[Source "ChessBase"]
[SourceDate "2008.11.05"]
[SourceVersion "1"]
[SourceVersionDate "2008.11.05"]
[SourceQuality "1"]

1. e4 e6 2. d4 d5 3. Nd2 Nf6 4. e5 Nfd7 5. Bd3 c5 6. c3 Nc6 7. Ne2 cxd4 8. cxd4 f6 9. exf6 Nxf6 10. 0-0 Bd6 11. Nf3 0-0 12. Ng3 e5 13. dxe5 Nxe5 14. Be2 Ng6 15. Bg5 Nf4 16. Nd4 h6 17. Bxf4 Bxf4 18. Qb3 Qe8 19. Bf3 Qf7 20. Rad1 Rd8 21. Rfe1 Bg4 22. Bxg4 Nxg4 23. Ngf5 Bxh2+ 24. Kf1 Bd6 25. Re6 g6 26. Qxd5 gxf5 27. Rg6+ Kf8 28. Ne6+ Ke8 29. Rg7 Nh2+ 30. Kg1 Nf3+ 31. Kf1 Nh2+ 32. Ke2 Qh5+ 33. f3 a6 34. Nc7+ 1-0

[Event "ITA-ch (Women)"]
[Site "Bratto"]
[Date "2008.08.22"]
[Round "1"]
[White "Ambrosi, Eleonora"]
[Black "Messina, Roberta"]
[Result "1/2-1/2"]
[WhiteElo "2160"]
[BlackElo "1904"]
[PlyCount "146"]
[EventDate "2008.08.22"]
[EventType "swiss"]
[EventRounds "9"]
[EventCountry "ITA"]
[SourceTitle "CBM 126 Extra"]
[Source "ChessBase"]
[SourceDate "2008.11.05"]
[SourceVersion "1"]
[SourceVersionDate "2008.11.05"]
[SourceQuality "1"]

1. e4 c5 2. Nf3 d6 3. Bb5+ Bd7 4. Bxd7+ Qxd7 5. 0-0 Nc6 6. c3 Nf6 7. d4 cxd4 8. cxd4 Nxe4 9. d5 Ne5 10. Re1 Nf6 11. Nxe5 dxe5 12. Nc3 Rd8 13. Rxe5 g6 14. Bg5 Bg7 15. Qe2 h6 16. Re1 0-0 17. Rxe7 Qc8 18. Be3 Nxd5 19. Nxd5 Rxd5 20. Rc1 Qd8 21. Rxb7 a5 22. g3 Qd6 23. Qf3 Qe6 24. Rcc7 Rf5 25. Qc6 Qxa2 26. Kg2 h5 27. Rc8 Qd5+ 28. Qxd5 Rxd5 29. Rxf8+ Bxf8 30. Rb8 Kg7 31. Ra8 Bb4 32. Kf3 Bd2 33. Bb6 Bb4 34. Ke4 Rd7 35. Bd4+ f6 36. Ra6 Rd6 37. Ra7+ Kg8 38. Ra8+ Kf7 39. Ra7+ Ke6 40. Rg7 f5+ 41. Ke3 Kd5 42. b3 Be1 43. Kd3 Bb4 44. Rb7 Kc6 45. Rb6+ Kd5 46. Rxd6+ Bxd6 47. Bb6 Bb4 48. Bd8 Be1 49. f3 Bb4 50. Ke2 Bc3 51. Kd3 Bb4 52. Bg5 Bd6 53. Bd2 Bb4 54. Bc1 Bc5 55. Bb2 Bd6 56. Ke3 Bb4 57. Ke2 Bc5 58. h3 Bd6 59. Bc3 Bb4 60. Bf6 Bd6 61. Bd8 Bb4 62. Kd3 Be1 63. g4 hxg4 64. hxg4 fxg4 65. fxg4 Ke5 66. Bg5 Kd5 67. Bf6 Kc5 68. Be7+ Kd5 69. Ke3 Ke5 70. Bd8 Bb4 71. Bc7+ Kd5 72. Kd3 Be1 73. Bb6 Bb4 1/2-1/2

[Event "Mitropa Cup (Women)"]
[Site "Olbia"]
[Date "2008.05.29"]
[Round "6.2"]
[White "Mira, Helene"]
[Black "Ambrosi, Eleonora"]
[Result "1/2-1/2"]
[WhiteElo "2147"]
[BlackElo "2148"]
[PlyCount "83"]
[EventDate "2008.05.25"]
[EventType "team-tourn"]
[EventRounds "5"]
[EventCountry "ITA"]
[SourceTitle "CBM 124 Extra"]
[Source "ChessBase"]
[SourceDate "2008.07.03"]
[SourceVersion "1"]
[SourceVersionDate "2008.07.03"]
[SourceQuality "1"]
[WhiteTeam "Austria"]
[BlackTeam "Italy"]
[WhiteTeamCountry "AUT"]
[BlackTeamCountry "ITA"]

1. d4 d5 2. Nf3 Nc6 3. Bf4 Bg4 4. e3 e6 5. h3 Bh5 6. Nbd2 Bd6 7. c3 Nf6 8. Bd3 0-0 9. Qc2 Bg6 10. Bxg6 hxg6 11. 0-0 Qe7 12. Ne5 Bxe5 13. dxe5 Nd7 14. Nf3 Nc5 15. Nd4 Rfb8 16. a3 Nd7 17. Nf3 b5 18. e4 Nb6 19. Rfe1 Na5 20. b4 Nac4 21. Nd4 Qd7 22. Nb3 a5 23. Nc5 Qc6 24. Bg3 dxe4 25. Nxe4 Rd8 26. Bf4 Rd5 27. Nc5 Nd7 28. Nd3 Qb7 29. a4 bxa4 30. Rxa4 Qb5 31. Raa1 Ndb6 32. Ra2 Rad8 33. bxa5 Rxd3 34. axb6 Nxb6 35. Be3 Qc4 36. Bxb6 cxb6 37. Ra3 Qc5 38. Qb3 Rd2 39. Rf1 R8d5 40. Ra8+ Kh7 41. Qa4 Qe7 42. Ra7 1/2-1/2

[Event "Mitropa Cup (Women)"]
[Site "Olbia"]
[Date "2008.05.26"]
[Round "2.2"]
[White "De Seroux, Camille"]
[Black "Ambrosi, Eleonora"]
[Result "1/2-1/2"]
[WhiteElo "1867"]
[BlackElo "2148"]
[PlyCount "93"]
[EventDate "2008.05.25"]
[EventType "team-tourn"]
[EventRounds "5"]
[EventCountry "ITA"]
[SourceTitle "CBM 124 Extra"]
[Source "ChessBase"]
[SourceDate "2008.07.03"]
[SourceVersion "1"]
[SourceVersionDate "2008.07.03"]
[SourceQuality "1"]
[WhiteTeam "Switzerland"]
[BlackTeam "Italy"]
[WhiteTeamCountry "SUI"]
[BlackTeamCountry "ITA"]

1. e4 c5 2. Nf3 Nc6 3. d4 cxd4 4. Nxd4 Qc7 5. Nc3 e6 6. Be2 a6 7. 0-0 Nf6 8. Be3 Bb4 9. Na4 Be7 10. Nxc6 bxc6 11. Nb6 Rb8 12. Nxc8 Qxc8 13. Bd4 c5 14. Be5 Rb6 15. Qd3 Qc6 16. f3 d5 17. exd5 exd5 18. b3 0-0 19. Rad1 Rd8 20. Rfe1 a5 21. Qf5 c4 22. bxc4 dxc4 23. Rxd8+ Bxd8 24. Bxf6 g6 25. Qe4 Qxf6 26. Bxc4 Rb4 27. Qe8+ Kg7 28. Bb3 Bb6+ 29. Kh1 Bf2 30. Rd1 Rh4 31. Qb8 Qg5 32. Qc7 Rf4 33. Qc3+ Kh6 34. Rf1 Qh4 35. h3 Qg3 36. Qd2 Bb6 37. Bxf7 Kg7 38. Bb3 Rh4 39. Qd7+ Kh8 40. Qe8+ Kg7 41. Qd7+ Kh6 42. Bg8 Bc7 43. Qxh7+ Kg5 44. Qe7+ Kh5 45. Qh7+ Kg5 46. Qe7+ Kh5 47. Qh7+ 1/2-1/2

[Event "Bratto op 26th"]
[Site "Bratto"]
[Date "2006.08.27"]
[Round "9"]
[White "Ambrosi, Eleonora"]
[Black "Piva, Giorgio"]
[Result "0-1"]
[WhiteElo "2147"]
[BlackElo "2129"]
[PlyCount "80"]
[EventDate "2006.08.19"]
[EventType "swiss"]
[EventRounds "9"]
[EventCountry "ITA"]
[SourceTitle "CBM 113 Extra"]
[Source "ChessBase"]
[SourceDate "2006.09.14"]
[SourceVersion "1"]
[SourceVersionDate "2006.09.14"]
[SourceQuality "1"]

1. e4 c5 2. Nf3 d6 3. c3 Nf6 4. Be2 Bd7 5. Qc2 Qc7 6. 0-0 g6 7. d4 cxd4 8. Nxd4 Bg7 9. h3 0-0 10. c4 Bc6 11. Nxc6 Nxc6 12. Be3 Rac8 13. Nc3 a6 14. Rac1 Qb8 15. f4 Rfe8 16. Qd2 b5 17. cxb5 axb5 18. Bf3 e5 19. Rfd1 Nd4 20. Qf2 b4 21. Na4 Rxc1 22. Rxc1 Nxf3+ 23. gxf3 exf4 24. Bxf4 Nh5 25. Be3 Be5 26. f4 Nxf4 27. Bxf4 Bxf4 28. Qxf4 Qa7+ 29. Kh1 Qxa4 30. Qxd6 b3 31. Qc6 Qxc6 32. Rxc6 bxa2 33. Ra6 Rxe4 34. Rxa2 Rb4 35. Kg2 Rb3 36. h4 Kg7 37. Ra4 Rxb2+ 38. Kg3 h6 39. Ra5 Rb1 40. Kf4 Rg1 0-1

[Event "Bratto op 26th"]
[Site "Bratto"]
[Date "2006.08.21"]
[Round "3"]
[White "Ambrosi, Eleonora"]
[Black "Sala, Sergio"]
[Result "1-0"]
[WhiteElo "2147"]
[BlackElo "1902"]
[PlyCount "71"]
[EventDate "2006.08.19"]
[EventType "swiss"]
[EventRounds "9"]
[EventCountry "ITA"]
[SourceTitle "CBM 113 Extra"]
[Source "ChessBase"]
[SourceDate "2006.09.14"]
[SourceVersion "1"]
[SourceVersionDate "2006.09.14"]
[SourceQuality "1"]

1. e4 Nf6 2. e5 Nd5 3. d4 d6 4. Nf3 Bg4 5. c4 Nb6 6. Nc3 dxe5 7. c5 N6d7 8. dxe5 Nxc5 9. Qxd8+ Kxd8 10. Be3 Bxf3 11. gxf3 e6 12. 0-0-0+ Kc8 13. Rg1 g6 14. f4 Be7 15. Bg2 c6 16. b4 Ncd7 17. Rd4 Nb6 18. Kb1 Rd8 19. b5 Rxd4 20. Bxd4 Nd5 21. Nxd5 cxd5 22. Bf1 Nd7 23. f5 exf5 24. Bg2 Bc5 25. Rc1 b6 26. Bxd5 Rb8 27. Bxf7 Kd8 28. Bb2 Ke7 29. Bb3 Bxf2 30. Rc7 Ke8 31. e6 Nc5 32. Rxh7 Rb7 33. Rh8+ Ke7 34. Bd5 Kd6 35. Bxb7 Nxb7 36. e7 1-0

[Event "Olympiad Women-37"]
[Site "Turin"]
[Date "2006.05.28"]
[Round "7"]
[White "Ambrosi, Eleonora"]
[Black "Moncayo Romero, Evelyn"]
[Result "1/2-1/2"]
[WhiteElo "2136"]
[BlackElo "2261"]
[PlyCount "119"]
[EventDate "2006.05.21"]
[EventType "team-swiss"]
[EventRounds "13"]
[EventCountry "ITA"]
[SourceTitle "CBM 112 Extra"]
[Source "ChessBase"]
[SourceDate "2006.07.14"]
[SourceVersion "1"]
[SourceVersionDate "2006.07.14"]
[SourceQuality "1"]
[WhiteTeam "Italy (W)"]
[BlackTeam "Ecuador (W)"]
[WhiteTeamCountry "ITA"]
[BlackTeamCountry "ECU"]

1. e4 c5 2. Nf3 d6 3. c3 Nf6 4. Be2 Nbd7 5. d3 g6 6. 0-0 Bg7 7. Re1 0-0 8. Bf1 a6 9. a4 b6 10. d4 Bb7 11. Nbd2 cxd4 12. cxd4 Rc8 13. Bd3 Rc7 14. Nb1 e5 15. d5 Nc5 16. Bc2 Qc8 17. Nc3 h6 18. h3 Nh7 19. Be3 Qd8 20. Qd2 g5 21. g4 Re8 22. Ne2 a5 23. Ng3 Ba6 24. b4 axb4 25. Qxb4 Nf6 26. Qxb6 Nfd7 27. Qa5 Qc8 28. Rac1 Bc4 29. Nf5 Bf8 30. Nd2 Nb7 31. Qb4 Bd3 32. Bxd3 Rxc1 33. Rxc1 Qxc1+ 34. Kg2 Qc7 35. h4 f6 36. Qb1 Ndc5 37. Bb5 Ra8 38. Bc6 Rb8 39. Qh1 Na5 40. Bb5 Ncb7 41. hxg5 hxg5 42. Nf3 Qh7 43. Qc1 Nc5 44. Bxc5 Nb3 45. Qc4 Nxc5 46. Bc6 Rb1 47. Ng3 Qa7 48. Nh5 Kf7 49. Bb5 Qa5 50. Nxg5+ fxg5 51. Qc2 Rb4 52. Ng3 Be7 53. Qd1 Qd8 54. Qh1 Bf8 55. Qh5+ Kg8 56. Qg6+ Bg7 57. Nf5 Qc7 58. Nh6+ Kh8 59. Nf7+ Kg8 60. Nh6+ 1/2-1/2

[Event "Olympiad Women-37"]
[Site "Turin"]
[Date "2006.05.27"]
[Round "6"]
[White "Ambrosi, Eleonora"]
[Black "Perez Rodriguez, Jennifer"]
[Result "1/2-1/2"]
[WhiteElo "2136"]
[BlackElo "2263"]
[PlyCount "123"]
[EventDate "2006.05.21"]
[EventType "team-swiss"]
[EventRounds "13"]
[EventCountry "ITA"]
[SourceTitle "CBM 112 Extra"]
[Source "ChessBase"]
[SourceDate "2006.07.14"]
[SourceVersion "1"]
[SourceVersionDate "2006.07.14"]
[SourceQuality "1"]
[WhiteTeam "Italy (W)"]
[BlackTeam "Cuba (W)"]
[WhiteTeamCountry "ITA"]
[BlackTeamCountry "CUB"]

1. e4 e5 2. Nf3 Nc6 3. Bb5 f5 4. Nc3 Nf6 5. d3 d6 6. h3 Be7 7. 0-0 0-0 8. Bc4+ Kh8 9. Ng5 Qe8 10. exf5 Bxf5 11. Nge4 Qg6 12. Ng3 Bd7 13. Be3 Na5 14. Nd5 Nxd5 15. Bxd5 Bg5 16. Be4 Qh6 17. Bxg5 Qxg5 18. d4 exd4 19. Qxd4 Nc6 20. Qd5 Qxd5 21. Bxd5 Nd4 22. c3 Bc6 23. Bxc6 Nxc6 24. Rae1 Rae8 25. Rxe8 Rxe8 26. Rd1 Kg8 27. Kf1 Kf7 28. Re1 Rxe1+ 29. Kxe1 Ne5 30. Ke2 d5 31. b3 c5 32. Ke3 g5 33. Ne2 Ng6 34. g3 Kf6 35. Nc1 Kf5 36. Nd3 b6 37. b4 Ne5 38. Ne1 Nc4+ 39. Kd3 Nd6 40. f3 h5 41. Ke3 Nc4+ 42. Ke2 Ne5 43. Nc2 Nc6 44. bxc5 bxc5 45. Ke3 Ke5 46. Ne1 d4+ 47. cxd4+ cxd4+ 48. Kd3 h4 49. gxh4 gxh4 50. Ng2 Nb4+ 51. Kd2 Nxa2 52. Nxh4 Nb4 53. Ng6+ Kf5 54. Ne7+ Kf4 55. h4 a5 56. h5 Kg5 57. h6 Kxh6 58. Nf5+ Kg5 59. Nxd4 Kf4 60. Kc3 Ke3 61. Nc2+ Kxf3 62. Nxb4 1/2-1/2

[Event "Olympiad Women-37"]
[Site "Turin"]
[Date "2006.05.24"]
[Round "4"]
[White "Pavlovskaya, Evgenija"]
[Black "Ambrosi, Eleonora"]
[Result "1/2-1/2"]
[WhiteElo "2182"]
[BlackElo "2136"]
[PlyCount "83"]
[EventDate "2006.05.21"]
[EventType "team-swiss"]
[EventRounds "13"]
[EventCountry "ITA"]
[SourceTitle "CBM 112 Extra"]
[Source "ChessBase"]
[SourceDate "2006.07.14"]
[SourceVersion "1"]
[SourceVersionDate "2006.07.14"]
[SourceQuality "1"]
[WhiteTeam "Sweden (W)"]
[BlackTeam "Italy (W)"]
[WhiteTeamCountry "SWE"]
[BlackTeamCountry "ITA"]

1. e4 c5 2. Nf3 Nc6 3. Bb5 e6 4. 0-0 Nge7 5. Re1 Nd4 6. Bf1 Nec6 7. Nxd4 cxd4 8. d3 Be7 9. f4 0-0 10. Nd2 f5 11. Nf3 d6 12. Kh1 e5 13. fxe5 dxe5 14. exf5 Rxf5 15. c3 Qd5 16. Qb3 Qxb3 17. axb3 Bd6 18. b4 b5 19. Nd2 Bb7 20. Ne4 Be7 21. Be2 a5 22. bxa5 Nxa5 23. Bg4 Rff8 24. h3 h6 25. Kg1 Bd5 26. cxd4 exd4 27. Nd2 Bf6 28. Nf3 Nb3 29. Rxa8 Rxa8 30. Bf4 Nc5 31. Bf5 Bf7 32. Be5 Rd8 33. Bxf6 gxf6 34. Rc1 Rd5 35. Nxd4 Nxd3 36. Bxd3 Rxd4 37. Bxb5 Rb4 38. Rc8+ Kg7 39. Bd3 Rxb2 40. Rc7 Kg8 41. Be4 Re2 42. Bf3 1/2-1/2

[Event "Venice Autumn op 11th"]
[Site "Venice"]
[Date "2005.10.30"]
[Round "3"]
[White "Zanirato, Stefano"]
[Black "Ambrosi, Eleonora"]
[Result "1/2-1/2"]
[WhiteElo "1947"]
[BlackElo "2125"]
[PlyCount "81"]
[EventDate "2005.10.29"]
[EventType "swiss"]
[EventRounds "6"]
[EventCountry "ITA"]
[SourceTitle "EXT 2006"]
[Source "ChessBase"]
[SourceDate "2005.11.24"]
[SourceVersion "1"]
[SourceVersionDate "2005.11.24"]
[SourceQuality "1"]

1. Nf3 d5 2. d3 Nc6 3. c3 e5 4. Bg5 f6 5. Bd2 Bg4 6. Qa4 Qd7 7. h3 Be6 8. e4 0-0-0 9. b4 Kb8 10. b5 Nce7 11. Be3 Nc8 12. c4 dxe4 13. dxe4 Nb6 14. Bxb6 axb6 15. Nc3 Bc5 16. Rd1 Qc8 17. Be2 Ne7 18. Nd5 Bxd5 19. cxd5 Ng6 20. g3 Rhf8 21. Nd2 Rde8 22. Nb3 Bd6 23. Bg4 Qd8 24. Qc4 Ne7 25. Be6 f5 26. 0-0 f4 27. a4 fxg3 28. fxg3 Nc8 29. a5 Qg5 30. Qd3 bxa5 31. h4 Qh6 32. Nxa5 Bc5+ 33. Kg2 Qe3 34. Qxe3 Bxe3 35. Nc4 Bd4 36. Rxf8 Rxf8 37. Rf1 Rxf1 38. Kxf1 Nd6 39. Nxd6 cxd6 40. Ke2 Kc7 41. g4 1/2-1/2

[Event "Budapest FS08 FM-A"]
[Site "Budapest"]
[Date "2005.08.06"]
[Round "1"]
[White "Samak, Alexander"]
[Black "Ambrosi, Eleonora"]
[Result "1/2-1/2"]
[WhiteElo "2160"]
[BlackElo "2118"]
[PlyCount "87"]
[EventDate "2005.08.06"]
[EventType "tourn"]
[EventRounds "11"]
[EventCountry "HUN"]
[SourceTitle "CBM 107 Extra"]
[Source "ChessBase"]
[SourceDate "2005.09.01"]
[SourceVersion "1"]
[SourceVersionDate "2005.09.01"]
[SourceQuality "1"]

1. e4 c5 2. Nf3 Nc6 3. d4 cxd4 4. Nxd4 Qc7 5. Nc3 e6 6. Ndb5 Qb8 7. Be3 Nf6 8. a3 Be7 9. Be2 0-0 10. f4 d6 11. Bf3 a6 12. Nd4 Qc7 13. 0-0 Re8 14. Qd2 Bf8 15. Rad1 Rb8 16. Qf2 Na5 17. Nxe6 Bxe6 18. Bb6 Qc4 19. Bxa5 d5 20. b3 Qc8 21. Kh1 b6 22. f5 bxa5 23. fxe6 fxe6 24. e5 Qxc3 25. exf6 Qxf6 26. Qg3 Qh6 27. Rde1 Rbd8 28. Qf2 Bd6 29. g3 Rf8 30. Kg2 Bxa3 31. Qe2 Rf6 32. Qxa6 Bb4 33. Re2 Qg6 34. Qc6 Qf7 35. Bg4 e5 36. Rxf6 Qxf6 37. Be6+ Kh8 38. Rf2 Qh6 39. Qc7 Qg5 40. c3 Qe7 41. Qc6 Rd6 42. Qc8+ Rd8 43. Qc6 Rd6 44. Qc8+ 1/2-1/2